De los contratos

Detalles Bibliográficos
Autor principal: Allessandri Rodrg̕uez, Arturo
Formato: Desconocido
Lenguaje:español
Publicado: Chile : Jurd̕ica de las Americas , 2009
Materias:
Acceso en línea:Acceso restringido

MARC

LEADER 00000ny a22000003n 4500
005 20110617123112.0
008 100324s cl 000 0 spa d
020 |a 9786077877110 
035 |a 4721 
040 |a BUS  |d vlex 
090 |c 1409  |d 1409 
100 1 |a Allessandri Rodrg̕uez, Arturo 
245 1 0 |a De los contratos  |h [Recurso electrn̤ico]  |c Allessandri Rodrg̕uez, Arturo 
256 |a Servicio en ln̕ea 
260 |a Chile :  |b Jurd̕ica de las Americas ,  |c 2009 
300 |a v. 
506 1 |a Contenido solo disponible en los productos indicados  |d vLex Global  |d vLex Global (Academic Edition, excluding Law Schools)  |d vLex Global (U.S. Academic Edition, Law Schools)  |d vLex Global (U.S. Academic Edition, excluding Law Schools)  |d vLex Global (Academic Edition, Law Schools) 
650 0 4 |a Contratos 
740 0 |a vLex Libros (Servicios en ln̕ea) 
856 4 0 |u http://vlex.com/source/4721  |z Acceso restringido 
942 |c BOOK